| 000 | 00673nam a2200217 i 4500 | ||
|---|---|---|---|
| 001 | 178126 | ||
| 003 | ES-MaACL | ||
| 005 | 20250830062709.0 | ||
| 007 | t| | ||
| 008 | 110519s1964 sp r ||||1| spa d | ||
| 080 | _a27-1 | ||
| 100 | 1 |
_aXiberta, Bartolomé F. María. _9117503 |
|
| 245 | 1 | 3 |
_aLa tradición y su problemática actual / _cBartolomé M. Xiberta. |
| 260 |
_aBarcelona : _bHerder, _c1964. |
||
| 300 |
_a126 p. ; _c18 cm. |
||
| 490 | 1 |
_aPequeña biblioteca Herder ; _v46 |
|
| 650 | 0 | 7 |
_aTradición (Teología) _2embne _9146606 |
| 830 | 0 |
_aPequeña biblioteca Herder ; _v46 _9190720 |
|
| 852 |
_aES-MaACL _jE-15149 _xOlim P-274 |
||
| 999 |
_c178126 _d178126 |
||